KOHA-Header-6

Annual Report 1998 (Record no. 6925)

000 -LEADER
fixed length control field 00264nam a2200109Ia 4500
100 ## - MAIN ENTRY--AUTHOR NAME
Personal name Federal Public Service
245 #0 - TITLE STATEMENT
Title Annual Report 1998
260 ## - PUBLICATION, DISTRIBUTION, ETC. (IMPRINT)
Place of publication Islamabad
Name of publisher Royal Book
Year of publication 1998
300 ## - PHYSICAL DESCRIPTION
Number of Pages 115
942 ## - ADDED ENTRY ELEMENTS (KOHA)
Koha item type Books
Holdings
Withdrawn status Lost status Permanent Location Current Location Shelving location Date acquired Full call number Accession Number Koha item type
    MAJU MAJU Shelf No.A-8 2019-09-11 352.63 453 Books

Powered by Koha